Cambio estructural y crecimiento en Centroamérica y la República Dominicana (Registro nro. 1681)

Detalles MARC
000 -LEADER
fixed length control field 01607 a2200229 4500
001 - CONTROL NUMBER
control field 28250
005 - DATE AND TIME OF LATEST TRANSACTION
control field 20260407155554.0
008 - FIXED-LENGTH DATA ELEMENTS--GENERAL INFORMATION
fixed length control field 260407a2014 arg spa d
003 - CONTROL NUMBER IDENTIFIER
control field AR-UNSa-BCEJYS
040 ## - CATALOGING SOURCE
Original cataloging agency AR-UNSa-BCEJYS
Language of cataloging spa
Transcribing agency AR-UNSa-BCEJYS
080 ## - UNIVERSAL DECIMAL CLASSIFICATION NUMBER
Universal Decimal Classification number 338.1(728)
Common auxiliary subdivision Situación económica. Ciclos. Desarrollo de la estructura económica en los Estados de América Central
020 ## - INTERNATIONAL STANDARD BOOK NUMBER
International Standard Book Number 978-92-1-121852-7
100 1# - MAIN ENTRY--PERSONAL NAME
Personal name Beteta, Hugo E.
245 10 - TITLE STATEMENT
Title Cambio estructural y crecimiento en Centroamérica y la República Dominicana
Name of part/section of a work un balance de dos décadas, 1990-2011
264 #1 - PRODUCTION, PUBLICATION, DISTRIBUTION, MANUFACTURE, AND COPYRIGHT NOTICE
Place of production, publication, distribution, manufacture Santiago de Chile :
Name of producer, publisher, distributor, manufacturer CEPAL (Comisión Económica para América Latina y el Caribe)
Date of production, publication, distribution, manufacture, or copyright notice 2014
300 ## - PHYSICAL DESCRIPTION
Extent 391 p.
Dimensions 22 cm.
505 ## - FORMATTED CONTENTS NOTE
Formatted contents note 1. El actual contexto económico mundial: ¿dejar atrás o volver a enfrentar la crisis financiera internacional? - 2. Crecimiento y estabilización económica en Centroamérica y la República Dominicana en 1990-2011 - 3. Mercado de trabajo, desigualdad y pobreza - 4. Inserción internacional y cambio estructural en Centroamérica y la República Dominicana - 5. La balanza de pagos y el crecimiento económico de Centroamérica y la República Dominicana - 6. Política macroeconómica: principales instrumentos y objetivos - 7. Reflexiones sobre una política macroeconómica para el desarrollo
590 ## - LOCAL NOTE (RLIN)
Local note niveau_biblio:m niveau_hierar:0
700 1# - ADDED ENTRY--PERSONAL NAME
Personal name Moreno-Brid, Juan Carlos
856 41 - ELECTRONIC LOCATION AND ACCESS
Uniform Resource Identifier <a href="https://biblioeco.unsa.edu.ar/pmb/images/libros/Cambio estructural y crecimiento en Centroamerica y la Republica Dominicana-l119998.jpg">https://biblioeco.unsa.edu.ar/pmb/images/libros/Cambio estructural y crecimiento en Centroamerica y la Republica Dominicana-l119998.jpg</a>
Link text Imagen de portada
Electronic format type image/jpeg
942 ## - ADDED ENTRY ELEMENTS (KOHA)
Koha item type
Existencias
Withdrawn status Lost status Damaged status Not for loan Home library Current library Shelving location Date acquired Total checkouts Full call number Barcode Date last seen Price effective from Koha item type
        Biblioteca Prof. Eusebio Cleto del Rey Biblioteca Prof. Eusebio Cleto del Rey   07/04/2026   338.1(728) B562 L119998 07/04/2026 07/04/2026 Libro